| 000 | 00809cam a22002052 b4500 | ||
|---|---|---|---|
| 020 | _a0727734067 (Trade Cloth) | ||
| 020 | _a9780727734068 | ||
| 082 | 0 | 0 |
_a620.136 _bUSE _cL-40, P-81 |
| 100 | 1 |
_aDhir, Ravindra _940933 |
|
| 245 | 1 | 0 |
_aUse of Foamed Concrete in Construction _bProceedings of the International Conference Held at the University of Dundee, Scotland, UK on 5-7 July 2005 |
| 260 |
_aLondon : _bThomas Telford Limited _cJune 2005 _aReston : _bAmerican Society of Civil Engineers [Distributor] |
||
| 300 |
_axii, 158 p,: _bill, |
||
| 520 | 8 | _aAnnotation | |
| 526 |
_a0 _b0 _c0 _d620_136000000000000_USE |
||
| 650 |
_aMCE _9379 |
||
| 700 | 1 |
_aMcCarthy, Aikaterini _940934 |
|
| 700 | 1 |
_aNewlands, Moray _940935 |
|
| 856 | 4 | 0 | _uhttp://www.columbia.edu/cgi-bin/cul/resolve?clio9293585 |
| 942 |
_2ddc _cBK |
||
| 999 |
_c545152 _d545152 |
||